2002 assessment of the Office of Naval Research's Air and Surface Weapons Technology Program (Record no. 57513)
[ view plain ]
| 000 -LEADER | |
|---|---|
| fixed length control field | 01447nam a2200301Ia 4500 |
| 245 10 - TITLE STATEMENT | |
| Title | 2002 assessment of the Office of Naval Research's Air and Surface Weapons Technology Program |
| 260 ## - PUBLICATION, DISTRIBUTION, ETC. (IMPRINT) | |
| Place of publication | Washington, DC : |
| Name of publisher | National Academies Press, |
| Year of publication | c2002. |
| 300 ## - PHYSICAL DESCRIPTION | |
| Number of Pages | x, 56 p. |
| 490 1# - SERIES STATEMENT | |
| Series statement | ONR assessment series |
| 650 #0 - SUBJECT ADDED ENTRY--TOPICAL TERM | |
| Topical Term | Air weapons. |
| 856 40 - ELECTRONIC LOCATION AND ACCESS | |
| Uniform Resource Identifier | http://site.ebrary.com/lib/rucke/Doc?id=10038568 |
No items available.
